| 000 | 00522nam a2200157 a 4500 | ||
|---|---|---|---|
| 008 | 120416s1974 ||||||||||||||||| || u | ||
| 020 | _a0070144303 | ||
| 050 | _aQC 23 Cro | ||
| 100 | _aCromer, Alan H., 1935- | ||
| 245 | 1 | 0 | _aPhysics for the life sciences |
| 260 |
_aNew York: _bMcGraw-Hill _c1974 |
||
| 300 | _axii, 497p. : ill. | ||
| 350 | _a0.00 | ||
| 650 | 0 | _aPHYSICS | |
| 995 |
_D0.00 _FCBU-MAIN LIBRARY (Kitwe) _H1 _I12.10 _M1 _UDAMAGED _ZMain Library Open Access Collection |
||
| 999 |
_c53609 _d53609 |
||